<?xml version="1.0" encoding="UTF-8"?>
<marc:record xmlns:marc="http://www.loc.gov/MARC21/slim">
   <marc:leader>00000nam a2200000 a 4500</marc:leader>
   <marc:datafield ind1="1" ind2=" " tag="100">
      <marc:subfield code="a">Yakos, David</marc:subfield>
      <marc:subfield code="4">aut</marc:subfield>
      <marc:subfield code="e">Verfasser/-in</marc:subfield>
   </marc:datafield>
   <marc:datafield ind1="0" ind2="0" tag="245">
      <marc:subfield code="a">Kuhle Kühe</marc:subfield>
   </marc:datafield>
   <marc:datafield ind1="0" ind2="0" tag="245">
      <marc:subfield code="b">Das vermutich kuhlste Kartenspiel</marc:subfield>
   </marc:datafield>
   <marc:datafield ind1="0" ind2="0" tag="245">
      <marc:subfield code="c">David Yakos</marc:subfield>
   </marc:datafield>
   <marc:datafield ind1=" " ind2="1" tag="264">
      <marc:subfield code="b">Game Factory</marc:subfield>
   </marc:datafield>
   <marc:datafield ind1="1" ind2=" " tag="520">
      <marc:subfield code="a">Bei diesem kuhlen Kartenspiel dreht sich alles um die sympathischen Wiederkäuer! Je länger die Kühe sind, die ihr aus Vorder-, Mittel- und Hinterteilen zusammensetzt und von eurer Hand ablegt, desto mehr Punkte gibt es am Ende. Doch wie jeder weiß: eine Kuh macht Muh, viele Kühe machen ...! Denn die lieben Mitspieler verfolgen den gleichen Plan. Und so braucht es neben dem taktischen Geschick auch verschiedene Aktionskarten, wie z. B. FRANKEN-KUH, HOLY COW oder DEJA-MUH, um den Mitspielern eine Kuhlänge voraus zu sein und so manche Kuh wieder vom Eis zu holen!</marc:subfield>
   </marc:datafield>
   <marc:datafield ind1=" " ind2=" " tag="041">
      <marc:subfield code="a">ger</marc:subfield>
   </marc:datafield>
</marc:record>
